|
|
|
|
| LEADER |
01188nam a2200301 a 4500 |
| 008 |
090803r20011999enka 001 0 eng d |
| 999 |
|
|
|c 3716
|d 3716
|
| 020 |
|
|
|a 9812400745
|
| 040 |
|
|
|a DLC
|c DLC
|d DLC
|
| 082 |
0 |
0 |
|a 822.33
|2 21
|
| 100 |
1 |
|
|a Shakespeare, William,
|d 1564-1616.
|9 32757
|
| 245 |
1 |
4 |
|a The tempest /
|c edited by Virginia Mason Vaughan and Alden T. Vaughan.
|
| 260 |
|
|
|a London :
|b Thomson,
|c 1999 [reprinted 2001]
|
| 300 |
|
|
|a xx, 366 p. :
|b ill. ;
|c 18 cm.
|
| 490 |
0 |
|
|a The Arden Shakespeare.
|
| 504 |
|
|
|a Includes index.
|
| 541 |
1 |
|
|e 00008542
|
| 650 |
|
0 |
|a Fathers and daughters
|v Drama.
|9 32758
|
| 650 |
|
0 |
|a Political refugees
|v Drama.
|9 32759
|
| 650 |
|
0 |
|a Shipwreck victims
|v Drama.
|9 32760
|
| 650 |
|
0 |
|a Magicians
|v Drama.
|9 32761
|
| 650 |
|
0 |
|a Islands
|v Drama.
|9 32762
|
| 650 |
|
0 |
|a Spirits
|v Drama.
|9 32763
|
| 700 |
1 |
|
|a Vaughan, Virginia Mason.
|9 32764
|
| 700 |
1 |
|
|a Vaughan, Alden T.
|9 32765
|
| 852 |
4 |
|
|a Ayesha Abed Library
|j General shelf
|
| 942 |
|
|
|2 ddc
|c BK
|
| 952 |
|
|
|0 0
|1 0
|2 ddc
|4 0
|6 822_330000000000000_SHA
|7 0
|9 3375
|a BRACUL
|b BRACUL
|c GEN
|d 2009-09-03
|g 0.00
|l 14
|m 117
|o 822.33 SHA
|p 3010008542
|r 2026-05-10
|s 2026-02-02
|t 1
|w 2009-09-03
|y BK
|x No price found in the accession register.
|